[Event "Josef Kupper Memorial 2019"]
[Site "Zurich"]
[Date "2019.08.17"]
[Round "6.14"]
[White "Beerdsen, Thomas"]
[Black "Kiremitciyan, Ari"]
[Result "1-0"]
[WhiteElo "2491"]
[BlackElo "2276"]
[Annotator "ChessBase"]
[PlyCount "101"]
[EventDate "2019.08.14"]
[EventType "swiss"]
[EventCountry "SUI"]
[SourceTitle "playchess.com"]
[Source "ChessBase"]
[SourceQuality "1"]
[TimeControl "40/5400+30:1800+30"]

1. e4 {[%emt 0:03:44]} e6 {[%emt 0:00:00]} 2. d4 {[%emt 0:02:20]} d5 {[%emt 0:00:00]} 3. Nd2 {[%emt 0:00:39]} dxe4 {[%emt 0:00:00]} 4. Nxe4 {[%emt 0:00:05]} Bd7 {[%emt 0:00:00]} 5. Nf3 {[%emt 0:05:30]} Bc6 {[%emt 0:00:00]} 6. Ned2 {[%emt 0:00:25]} Nd7 {[%emt 0:00:56]} 7. Nc4 {[%emt 0:02:14]} Ngf6 {[%emt 0:01:20]} 8. Be2 {[%emt 0:06:37]} Be7 {[%emt 0:00:54]} 9. O-O {[%emt 0:00:45]} Bxf3 {[%emt 0:04:52]} 10. Bxf3 {[%emt 0:00:05]} c6 {[%emt 0:00:06]} 11. Bf4 {[%emt 0:02:43]} O-O {[%emt 0:00:34]} 12. Bg3 {[%emt 0:04:02]} Nb6 {[%emt 0:03:14]} 13. Ne5 {[%emt 0:04:05]} Nfd7 {[%emt 0:00:41]} 14. Nd3 {[%emt 0:00:38]} Bh4 {[%emt 0:00:22]} 15. Bd6 {[%emt 0:02:59]} Be7 {[%emt 0:00:02]} 16. Bg3 {[%emt 0:01:22]} Bh4 {[%emt 0:00:03]} 17. Bd6 {[%emt 0:00:06]} Be7 {[%emt 0:00:02]} 18. Bxe7 {[%emt 0:00:05]} Qxe7 {[%emt 0:00:05]} 19. c3 {[%emt 0:03:07]} Rfe8 {[%emt 0:03:42]} 20. Re1 {[%emt 0:02:05]} Qd6 {[%emt 0:01:51]} 21. a4 {[%emt 0:03:16]} a5 {[%emt 0:01:09]} 22. Qb3 {[%emt 0:01:39]} Qc7 {[%emt 0:01:39]} 23. Re2 {[%emt 0:03:29]} Nf8 {[%emt 0:05:28]} 24. g3 {[%emt 0:01:34]} Rab8 {[%emt 0:02:07]} 25. Rae1 {[%emt 0:05:20]} Red8 {[%emt 0:01:17]} 26. h4 {[%emt 0:01:42]} Nbd7 {[%emt 0:00:29]} 27. Qa3 {[%emt 0:06:42]} Nf6 {[%emt 0:02:56]} 28. Ne5 {[%emt 0:03:14]} Nd5 {[%emt 0:03:00]} 29. Re4 {[%emt 0:05:39]} Qe7 {[%emt 0:06:19]} 30. Qb3 {[%emt 0:01:22]} Nf6 {[%emt 0:01:26]} 31. Rf4 {[%emt 0:01:18]} Ng6 {[%emt 0:02:48]} 32. Nxg6 {[%emt 0:00:05]} hxg6 {[%emt 0:00:02]} 33. Re5 {[%emt 0:03:03]} Qc7 {[%emt 0:02:24]} 34. h5 {[%emt 0:04:49]} gxh5 {[%emt 0:01:04]} 35. Rg5 {[%emt 0:03:24]} Nd5 {[%emt 0:07:33]} 36. Rh4 {[%emt 0:01:31]} Nf6 {[%emt 0:00:04]} 37. c4 {[%emt 0:04:57]} g6 {[%emt 0:02:45]} 38. Qc3 {[%emt 0:02:59]} Nh7 {[%emt 0:04:00]} 39. Rxa5 {[%emt 0:00:48]} Ra8 {[%emt 0:00:33]} 40. Re5 {[%emt 0:04:11]} Rxa4 {[%emt 0:11:18]} 41. Bxh5 {[%emt 0:05:46]} Qe7 {[%emt 0:07:01]} 42. Qe3 {[%emt 0:05:40]} Nf8 {[%emt 0:05:36]} 43. Be2 {[%emt 0:02:55]} Qf6 {[%emt 0:01:40]} 44. Ree4 {[%emt 0:02:34]} Ra1+ {[%emt 0:02:20]} 45. Kg2 {[%emt 0:00:14]} Rda8 {[%emt 0:04:13]} 46. Bd3 {[%emt 0:07:55]} Qg7 {[%emt 0:03:40]} 47. Rh3 {[%emt 0:02:13]} Rd8 {[%emt 0:01:23]} 48. Bc2 {[%emt 0:01:06]} Raa8 {[%emt 0:00:50]} 49. Reh4 {[%emt 0:01:12]} Ra1 {[%emt 0:04:02]} 50. Qf4 {[%emt 0:01:33]} Re1 {[%emt 0:01:44]} 51. Rh8+ {[%emt 0:00:08]} 1-0

[Event "Josef Kupper Memorial 2019"]
[Site "Zurich"]
[Date "2019.08.17"]
[Round "6.15"]
[White "Habibi, Ali"]
[Black "Karthik Venkataraman"]
[Result "0-1"]
[WhiteElo "2186"]
[BlackElo "2462"]
[Annotator "ChessBase"]
[PlyCount "120"]
[EventDate "2019.08.14"]
[EventType "swiss"]
[EventCountry "SUI"]
[SourceTitle "playchess.com"]
[Source "ChessBase"]
[SourceQuality "1"]
[TimeControl "40/5400+30:1800+30"]

1. a3 {[%emt 0:02:52]} g6 {[%emt 0:00:37]} 2. c4 {[%emt 0:00:09]} Bg7 {[%emt 0:00:08]} 3. Nf3 {[%emt 0:00:09]} d6 {[%emt 0:01:25]} 4. d4 {[%emt 0:00:13]} Nf6 {[%emt 0:00:05]} 5. Nc3 {[%emt 0:00:20]} O-O {[%emt 0:00:05]} 6. h3 {[%emt 0:00:08]} Nbd7 {[%emt 0:00:32]} 7. e3 {[%emt 0:00:09]} e5 {[%emt 0:00:28]} 8. Be2 {[%emt 0:00:07]} Re8 {[%emt 0:00:37]} 9. Qc2 {[%emt 0:00:29]} Qe7 {[%emt 0:03:04]} 10. O-O {[%emt 0:00:35]} e4 {[%emt 0:00:30]} 11. Nd2 {[%emt 0:00:04]} h5 {[%emt 0:00:42]} 12. Re1 {[%emt 0:01:44]} Nf8 {[%emt 0:00:29]} 13. Bf1 {[%emt 0:00:10]} Bf5 {[%emt 0:00:08]} 14. b4 {[%emt 0:01:39]} Ne6 {[%emt 0:00:27]} 15. Ne2 {[%emt 0:01:42]} h4 {[%emt 0:04:12]} 16. Bb2 {[%emt 0:00:20]} Ng5 {[%emt 0:03:21]} 17. Nf4 {[%emt 0:00:31]} Ngh7 {[%emt 0:00:09]} 18. Rac1 {[%emt 0:00:20]} c6 {[%emt 0:00:25]} 19. Qd1 {[%emt 0:10:13]} Rac8 {[%emt 0:06:56]} 20. f3 {[%emt 0:03:01]} exf3 {[%emt 0:03:49]} 21. Nxf3 {[%emt 0:02:10]} Ne4 {[%emt 0:00:35]} 22. c5 {[%emt 0:03:11]} d5 {[%emt 0:00:42]} 23. Ba1 {[%emt 0:03:01]} Ng3 {[%emt 0:06:23]} 24. Bd3 {[%emt 0:03:47]} Bxd3 {[%emt 0:03:10]} 25. Nxd3 {[%emt 0:01:39]} Nf8 {[%emt 0:02:02]} 26. Nde5 {[%emt 0:04:46]} Bf6 {[%emt 0:04:13]} 27. Qd3 {[%emt 0:03:24]} Nd7 {[%emt 0:00:44]} 28. Bb2 {[%emt 0:01:38]} a6 {[%emt 0:04:01]} 29. a4 {[%emt 0:00:21]} Ra8 {[%emt 0:00:35]} 30. a5 {[%emt 0:01:00]} Rad8 {[%emt 0:02:59]} 31. Rcd1 {[%emt 0:00:12]} Bg7 {[%emt 0:00:24]} 32. Rd2 {[%emt 0:04:31]} Nf6 {[%emt 0:01:02]} 33. Rc2 {[%emt 0:05:23]} Nfe4 {[%emt 0:01:22]} 34. Qb3 {[%emt 0:00:24]} Nf5 {[%emt 0:01:17]} 35. Ba1 {[%emt 0:11:17]} Qe6 {[%emt 0:01:44]} 36. Bb2 {[%emt 0:01:56]} Bf6 {[%emt 0:00:18]} 37. Ba1 {[%emt 0:00:45]} Rc8 {[%emt 0:00:12]} 38. Bb2 {[%emt 0:00:15]} Kg7 {[%emt 0:00:35]} 39. Qd3 {[%emt 0:00:27]} Bd8 {[%emt 0:00:23]} 40. Ba1 {[%emt 0:00:39]} f6 {[%emt 0:00:54]} 41. Ng4 {[%emt 0:30:01]} Bc7 {[%emt 0:30:18]} 42. Bb2 {[%emt 0:00:38]} Re7 {[%emt 0:00:11]} 43. Bc1 {[%emt 0:01:33]} Rce8 {[%emt 0:01:03]} 44. Rb2 {[%emt 0:02:09]} Qd7 {[%emt 0:01:12]} 45. Rc2 {[%emt 0:00:20]} Re6 {[%emt 0:00:20]} 46. Rb2 {[%emt 0:00:38]} Rh8 {[%emt 0:01:26]} 47. Rc2 {[%emt 0:00:11]} Bb8 {[%emt 0:00:27]} 48. Rb2 {[%emt 0:00:51]} Qc7 {[%emt 0:00:06]} 49. Rd1 {[%emt 0:00:33]} Rh5 {[%emt 0:03:14]} 50. Re2 {[%emt 0:00:36]} Nh6 {[%emt 0:00:25]} 51. Ngh2 {[%emt 0:00:32]} Ng3 {[%emt 0:05:09]} 52. Ree1 {[%emt 0:02:19]} Nf7 {[%emt 0:00:13]} 53. Ng4 {[%emt 0:00:57]} Ne4 {[%emt 0:01:00]} 54. Re2 {[%emt 0:02:45]} Nfg5 {[%emt 0:00:41]} 55. Nfh2 {[%emt 0:00:03]} Qg3 {[%emt 0:02:39]} 56. Kh1 {[%emt 0:00:01]} Nxh3 {[%emt 0:01:42]} 57. gxh3 {[%emt 0:00:10]} Qxh3 {[%emt 0:00:03]} 58. Rg2 {[%emt 0:01:35]} Rg5 {[%emt 0:00:19]} 59. Qc2 {[%emt 0:02:06]} Rxg4 {[%emt 0:03:16]} 60. Rxg4 {[%emt 0:05:08]} Bxh2 {[%emt 0:00:24]} 0-1

[Event "Josef Kupper Memorial 2019"]
[Site "Zurich"]
[Date "2019.08.17"]
[Round "6.16"]
[White "Krishna C R G"]
[Black "Doric, Nenad"]
[Result "1-0"]
[WhiteElo "2444"]
[BlackElo "2275"]
[Annotator "NA"]
[PlyCount "45"]
[EventDate "2019.08.14"]
[EventType "swiss"]
[EventCountry "SUI"]
[SourceTitle "playchess.com"]
[Source "ChessBase"]
[SourceQuality "1"]
[TimeControl "40/5400+30:1800+30"]

1. d4 {[%emt 0:00:00]} Nf6 {[%emt 0:01:44]} 2. c4 {[%emt 0:00:00]} e6 {[%emt 0:00:26]} 3. g3 {[%emt 0:00:00]} d5 {[%emt 0:00:34]} 4. Nf3 {[%emt 0:00:02]} dxc4 {[%emt 0:00:32]} 5. Bg2 {[%emt 0:00:04]} c5 {[%emt 0:00:25]} 6. O-O {[%emt 0:00:06]} Nc6 {[%emt 0:00:08]} 7. Qa4 {[%emt 0:00:05]} Bd7 {[%emt 0:00:17]} 8. Qxc4 {[%emt 0:00:06]} cxd4 {[%emt 0:03:30]} 9. Nxd4 {[%emt 0:00:04]} Rc8 {[%emt 0:00:23]} 10. Nc3 {[%emt 0:00:19]} Nxd4 {[%emt 0:02:09]} 11. Qxd4 {[%emt 0:00:03]} Bc5 {[%emt 0:00:30]} 12. Qh4 {[%emt 0:06:56]} O-O {[%emt 0:03:59]} 13. Rd1 {[%emt 0:12:50]} Qe7 {[%emt 0:16:15]} 14. Bg5 {[%emt 0:05:06]} Bc6 {[%emt 0:15:41]} 15. Bxc6 {[%emt 0:04:29]} Rxc6 {[%emt 0:01:24]} 16. Ne4 {[%emt 0:00:11]} e5 {[%emt 0:03:36]} 17. Nxf6+ {[%emt 0:00:12]} gxf6 {[%emt 0:04:25]} 18. Bh6 {[%emt 0:00:12]} Qe6 {[%emt 0:02:15]} 19. Bxf8 {[%emt 0:00:14]} Bxf8 {[%emt 0:00:26]} 20. Rac1 {[%emt 0:05:15]} Be7 {[%emt 0:05:42]} 21. Rxc6 {[%emt 0:02:00]} bxc6 {[%emt 0:01:06]} 22. Qa4 {[%emt 0:01:05]} Bc5 {[%emt 0:00:38]} 23. Rc1 {[%emt 0:04:20]} 1-0

[Event "Josef Kupper Memorial 2019"]
[Site "Zurich"]
[Date "2019.08.18"]
[Round "7.1"]
[White "Donchenko, Alexander"]
[Black "Tabatabaei, M.amin"]
[Result "0-1"]
[WhiteElo "2618"]
[BlackElo "2601"]
[Annotator "ChessBase"]
[PlyCount "68"]
[EventDate "2019.08.14"]
[EventType "swiss"]
[EventCountry "SUI"]
[SourceTitle "playchess.com"]
[Source "ChessBase"]
[SourceQuality "1"]
[TimeControl "40/5400+30:1800+30"]

1. d4 {[%emt 0:00:00]} e6 {[%emt 0:08:55]} 2. c4 {[%emt 0:00:29]} b6 {[%emt 0:00:26]} 3. e4 {[%emt 0:02:57]} Bb7 {[%emt 0:00:08]} 4. Nc3 {[%emt 0:02:44]} Bb4 {[%emt 0:00:08]} 5. f3 {[%emt 0:00:36]} e5 {[%emt 0:00:07]} 6. a3 {[%emt 0:04:17]} Bxc3+ {[%emt 0:02:14]} 7. bxc3 {[%emt 0:00:06]} Ne7 {[%emt 0:00:10]} 8. Bd3 {[%emt 0:02:14]} O-O {[%emt 0:00:20]} 9. Nh3 {[%emt 0:04:20]} f5 {[%emt 0:05:12]} 10. Qc2 {[%emt 0:14:25]} f4 {[%emt 0:08:41]} 11. g3 {[%emt 0:05:30]} Ng6 {[%emt 0:03:21]} 12. Qf2 {[%emt 0:00:45]} d6 {[%emt 0:06:04]} 13. gxf4 {[%emt 0:01:14]} exf4 {[%emt 0:00:08]} 14. Rg1 {[%emt 0:03:51]} Bc8 {[%emt 0:20:27]} 15. Ng5 {[%emt 0:10:26]} Qe8 {[%emt 0:10:05]} 16. Ra2 {[%emt 0:10:27]} h6 {[%emt 0:01:53]} 17. h4 {[%emt 0:03:02]} Nc6 {[%emt 0:05:13]} 18. Ne6 {[%emt 0:10:24]} Bxe6 {[%emt 0:09:26]} 19. Qg2 {[%emt 0:00:07]} Rf6 {[%emt 0:02:46]} 20. h5 {[%emt 0:03:26]} Na5 {[%emt 0:00:07]} 21. d5 {[%emt 0:17:50]} Nb3 {[%emt 0:01:22]} 22. Bb2 {[%emt 0:00:01]} Nc5 {[%emt 0:01:46]} 23. Bc2 {[%emt 0:00:32]} Bf7 {[%emt 0:00:20]} 24. Ra1 {[%emt 0:01:00]} Qe5 {[%emt 0:00:28]} 25. Qg4 {[%emt 0:01:10]} Be8 {[%emt 0:00:50]} 26. Kd2 {[%emt 0:00:35]} Bd7 {[%emt 0:01:26]} 27. Qg2 {[%emt 0:00:01]} Qxh5 {[%emt 0:00:24]} 28. e5 {[%emt 0:00:01]} dxe5 {[%emt 0:00:20]} 29. Bxg6 {[%emt 0:00:11]} Rxg6 {[%emt 0:00:06]} 30. Qxg6 {[%emt 0:00:06]} Qxg6 {[%emt 0:00:06]} 31. Rxg6 {[%emt 0:00:02]} Nb3+ {[%emt 0:00:06]} 32. Ke2 {[%emt 0:00:12]} Nxa1 {[%emt 0:00:05]} 33. Bxa1 {[%emt 0:00:02]} Kf7 {[%emt 0:00:12]} 34. Rg1 {[%emt 0:00:06]} c5 {[%emt 0:01:33]} 0-1

[Event "Josef Kupper Memorial 2019"]
[Site "Zurich"]
[Date "2019.08.18"]
[Round "7.2"]
[White "Wagner, Dennis"]
[Black "Maghsoodloo, Parham"]
[Result "0-1"]
[WhiteElo "2579"]
[BlackElo "2656"]
[Annotator "TA"]
[PlyCount "110"]
[EventDate "2019.08.14"]
[EventType "swiss"]
[EventCountry "SUI"]
[SourceTitle "playchess.com"]
[Source "ChessBase"]
[SourceQuality "1"]

{[%evp 12,110,51,0,66,44,51,41,50,50,58,37,33,9,16,0,0,-26,0,-43,0,0,-10,-43,-39,-91,-81,-108,-91,-92,-99,-90,-75,-118,-114,-135,-47,-47,-33,-125,-111,-216,-201,-213,-99,-104,-107,-98,-103,-96,-97,-91,-105,-86,-85,-85,-85,-121,-130,-252,-252,-252,-252,-252,-252,-252,-252,-274,-274,-274,-274,-231,-231,-5439,-223,-223,-223,-1077,-223,-223,-223,-12836,-12482,-12850,-12851,-29938,-6123,-12849,-29947,-12833,-11390,-11176,-7550,-3149,-1831,-29973,-29977,-29977,-29978,-29978,-29979]} 1. d4 e6 2. e4 d5 3. Nc3 Bb4 4. e5 Qd7 5. a3 Bxc3+ 6. bxc3 b6 7. a4 (7. Qg4 $14 Kf8 8. a4) 7... Nc6 {C16: French: 3 Nc3 Bb4 4 e5: Lines without ...c5} ({Black should try} 7... Ne7 $11) (7... Ba6 8. Bxa6 Nxa6 9. Qd3 Nb8 10. a5 Ne7 11. Nf3 Nbc6 12. axb6 cxb6 13. Ba3 Na5 14. Nd2 Rc8 15. O-O Nf5 16. g4 Nh4 17. Qg3 Qd8 {0-1 (44) Sutovsky,E (2673)-Antipov,M (2588) Caleta 2018}) 8. h4 $146 ({Predecessor:} 8. Bb5 Bb7 9. Ba3 a6 10. Bd3 O-O-O 11. Qe2 a5 12. Bb5 Nge7 13. Nf3 f5 14. c4 dxc4 15. c3 {½-½ (114) Lei,T (2468)-Abrahamyan,T (2361) Batumi 2018}) 8... Bb7 9. h5 O-O-O {White is slightly better.} 10. Nf3 Na5 11. Bd3 h6 12. Nh4 Ne7 13. Rh3 Rdg8 14. Rg3 Qe8 15. Qe2 Kb8 16. Ba3 Nc4 17. Bxc4 dxc4 18. Qxc4 ({Better is} 18. Bxe7 $15 Qxe7 19. Rg4) 18... Nd5 $1 $17 19. Qb3 g5 20. hxg6 fxg6 21. c4 Nf4 22. Nf3 g5 23. a5 Qc6 (23... g4 $17 24. Ng1 h5 25. axb6 axb6) 24. axb6 $15 axb6 25. Be7 (25. Kd2 $15) 25... Qe4+ 26. Qe3 (26. Kf1 $17) 26... Qxc2 $19 27. Bf6 Nh5 (27... Qxc4 $19 {and Black stays clearly on top.} 28. Bxh8 Rxh8) 28. Bxh8 $17 Nxg3 29. Rc1 Qb2 30. fxg3 {aiming for Bf6.} Qxg2 {[%mdl 64] Double Attack} 31. Qf2 Qxf2+ $1 32. Kxf2 {Hoping for Bf6.} Rxh8 {[%mdl 4096] Endgame KRB-KRN} 33. Ke3 Kc8 34. Ra1 Kd7 35. Ra7 {[#]} (35. g4 $17 {keeps fighting.}) 35... Ra8 $1 $19 {[%cal Ra8a7]} 36. Rxa8 Bxa8 {KB-KN} 37. Ne1 h5 38. Nd3 Bg2 39. Nb4 c5 40. dxc5 bxc5 41. Nd3 Kc6 42. Ne1 $2 (42. Nb2) 42... Bh1 $2 (42... h4 {White must now prevent ...h3.} 43. gxh4 gxh4) 43. Nd3 {[#]} Kb6 $1 44. Ne1 $2 (44. Nb2) 44... Bb7 $2 (44... h4 {Strongly threatening ...h3.} 45. gxh4 gxh4) 45. Nd3 Bc6 46. Ne1 $2 (46. Nb2) 46... h4 47. gxh4 gxh4 48. Kf4 {[#]} Bg2 $1 {[%mdl 512]} 49. Kg4 (49. Nxg2 h3) 49... h3 50. Kg3 Bf1 51. Nf3 Bxc4 52. Kxh3 Bd5 53. Ne1 Be4 {Black mates.} 54. Kg3 Kc6 55. Kf4 Kd5 {Accuracy: White = 33%, Black = 64%.} 0-1

[Event "Josef Kupper Memorial 2019"]
[Site "Zurich"]
[Date "2019.08.18"]
[Round "7.3"]
[White "Kovalenko, Igor"]
[Black "Martirosyan, Haik M."]
[Result "1-0"]
[WhiteElo "2654"]
[BlackElo "2619"]
[Annotator "TA"]
[PlyCount "211"]
[EventDate "2019.08.14"]
[EventType "swiss"]
[EventCountry "SUI"]
[SourceTitle "playchess.com"]
[Source "ChessBase"]
[SourceQuality "1"]

{[%evp 13,211,2,8,0,7,0,0,-1,18,9,14,0,23,16,16,21,32,25,66,77,59,69,88,98,102,100,266,141,135,139,137,135,192,161,183,135,161,100,107,108,108,108,100,90,100,91,118,79,238,247,235,148,139,166,181,148,241,246,246,221,235,164,249,248,315,291,332,323,346,342,329,318,325,329,323,312,320,319,283,187,208,141,183,183,368,168,166,168,313,289,194,101,96,97,96,96,93,91,89,89,85,87,82,82,81,85,93,90,106,75,100,78,88,95,85,79,78,81,79,85,87,85,100,90,79,79,80,80,80,87,94,103,233,233,233,233,233,233,233,233,233,16,16,16,233,233,233,233,233,233,233,233,233,233,233,233,233,233,233,233,233,233,233,233,233,0,233,233,233,233,233,233,233,233,233,233,233,233,233,233,233,233,233,233,233,233,233,233,233,233,233,233,233,233,233,233,317,302,29987,29988]} 1. d4 Nf6 2. Bg5 d5 3. e3 Nbd7 4. Nf3 c5 5. c3 e6 6. Nbd2 Be7 7. Bd3 h6 8. Bf4 {D03: 1 d4 d5 2 Nf3 Nf6 3 Bg5, including Torre Attack with early ...d5} (8. Bh4 b6 9. O-O Bb7 10. a4 O-O 11. a5 c4 12. Bc2 b5 13. a6 Bc6 14. Ne5 Nxe5 15. dxe5 Nd7 16. Bxe7 Qxe7 17. f4 {½-½ (47) Vitiugov,N (2726)-Movsesian,S (2673) Tallinn 2016}) 8... Nh5 9. Be5 Nhf6 10. Bg3 $146 {The position is equal.} ({Predecessor:} 10. Qe2 a6 11. a4 Qb6 12. Rb1 Qa5 13. Bc2 b5 14. axb5 axb5 15. dxc5 b4 {0-1 (43) Menon Alorda,E-Coves Tomas,B (2003) Manises 2003}) 10... b6 11. Ne5 Bb7 12. f4 c4 13. Bc2 b5 14. O-O O-O 15. Qf3 Nb6 16. f5 exf5 17. Qxf5 Bc8 18. Qf3 Bb7 19. Bf4 Ne4 $2 {[#]} (19... Nbd7 $16) 20. Nxe4 (20. Bxh6 $1 $18 {[%mdl 512]} Bf6 (20... gxh6 21. Nxf7) 21. Nxe4 dxe4 22. Qg4 (22. Bxe4 Bxe4 23. Qxe4 gxh6 $11)) 20... dxe4 $16 21. Bxe4 Bxe4 22. Qxe4 f5 (22... Qd5 $16 {was necessary.} 23. Qf5 f6) 23. Qf3 Rf6 24. h4 Qd5 25. Qh5 (25. Qxd5+ $18 Nxd5 26. a4) 25... Qe6 26. Rf3 Nd5 27. Rg3 Bd6 28. Rf1 Rd8 29. Qf3 a6 30. Rf2 Bxe5 $2 (30... b4 $16 {might work better.}) 31. Bxe5 $18 Rg6 32. h5 (32. Qxf5 $6 Qxf5 33. Rxf5 Rxg3 $16) 32... Rxg3 33. Qxg3 {[%csl Ge5][%cal Rg3g7]} Rd7 34. Qh3 $36 {[%mdl 2048] White is really pushing.} Rf7 {[#]} (34... Re7 $16 35. Rf3 (35. Rxf5 Nxe3 36. Rf3 Ng4 $14) (35. Qxf5 Qxf5 36. Rxf5 Nxe3 $11) 35... Qd7) 35. e4 $1 {[%cal Re4d5][%mdl 512]} Ne7 (35... fxe4 36. Qxe6) 36. Rf3 a5 37. Rg3 b4 (37... Qc6 {keeps fighting.}) 38. Rf3 Kh7 39. exf5 Nxf5 40. Qg4 bxc3 41. bxc3 Kg8 42. Rf1 Qd7 43. Rb1 Rf8 44. Rb6 Qe7 45. Rg6 Rf7 46. Qe4 Qa3 47. Qc2 Ne3 48. Qd2 Rf1+ 49. Kh2 Nf5 {intending ...Qe7.} 50. Qc2 Qc1 (50... a4 {is a better defense.} 51. Rg4 (51. g4 Ra1 $14) 51... Qc1 52. Qxc1 Rxc1) 51. Qxc1 Rxc1 {[%mdl 4096] Endgame KRB-KRN} 52. d5 ({White should play} 52. g4 $18 Rc2+ 53. Kg1 Rc1+ 54. Kf2 Rc2+ 55. Ke1) 52... Rd1 $16 53. d6 Rd5 54. Bf4 $1 Kf7 55. d7 Rxd7 56. Rc6 Rd3 57. Rxc4 Ne3 58. Bxe3 Rxe3 {KR-KR} 59. a4 Kf6 60. Rc5 Ke6 61. g3 Re5 62. Rxe5+ Kxe5 {KP-KP} 63. Kh3 Kd5 64. Kg4 {Black must now prevent Kf5.} Kc4 65. Kf5 $1 {[%cal Rf5g6]} Kb3 66. Kg6 Kxa4 67. Kxg7 Kb3 {Threatens to win with ...a4.} 68. Kxh6 {aiming for g4. KP-KP} a4 69. Kg6 $1 a3 {And now ...a2 would win.} 70. h6 a2 71. h7 a1=Q 72. h8=Q {KQ-KQ} Qb1+ (72... Qa6+ $16 73. Kg5 Qd6) 73. Kg7 $18 Qf5 74. Qb8+ Kxc3 75. Qf4 Qd7+ 76. Kg6 Qe8+ 77. Kg5 $2 ({Better is} 77. Qf7 $18 Qe4+ 78. Qf5 Qe8+ 79. Kg5) 77... Qg8+ $11 78. Kh4 Qh7+ $2 (78... Qh8+ $1 $11 79. Kg4 Kd3) 79. Kg4 $1 $18 Qg6+ {[#]} 80. Kf3 $1 Qc6+ 81. Qe4 Qf6+ 82. Kg2 {Qf3+ is the strong threat.} Qg5 83. Qf4 Qg6 84. g4 Kb2 85. g5 {Qf6+ would kill now.} Ka2 86. Kg3 Qd3+ 87. Qf3 Qd6+ 88. Kh4 Qd4+ 89. Kg3 {Strongly threatening Qf2+.} Qd6+ 90. Kg2 Qg6 91. Qf6 Qe4+ 92. Kg3 {White wants to mate with Qf2+.} Qe3+ 93. Kg4 Qe4+ 94. Kh5 Qh7+ 95. Qh6 Qf7+ {[#]} 96. Qg6 $1 {[%cal Rg6f7]} Qf3+ 97. Kh6 Qh3+ 98. Kg7 Ka1 99. Qa6+ Kb1 100. Qb5+ Ka1 101. Qa4+ Kb1 102. Qb4+ Ka1 103. Qd4+ Kb1 104. g6 {Hoping for Qe4+.} Qe6 105. Qd3+ Ka1 $2 (105... Kb2 $18 106. Kh7 Qe5 107. Qd2+ Kb1) 106. Qf1+ {Accuracy: White = 68%, Black = 48%.} 1-0

[Event "Josef Kupper Memorial 2019"]
[Site "Zurich"]
[Date "2019.08.18"]
[Round "7.4"]
[White "Idani, Pouya"]
[Black "Bogner, Sebastian"]
[Result "1/2-1/2"]
[WhiteElo "2581"]
[BlackElo "2569"]
[Annotator "ChessBase"]
[PlyCount "67"]
[EventDate "2019.08.14"]
[EventType "swiss"]
[EventCountry "SUI"]
[SourceTitle "playchess.com"]
[Source "ChessBase"]
[SourceQuality "1"]
[TimeControl "40/5400+30:1800+30"]

1. e4 {[%emt 0:00:00]} e5 {[%emt 0:10:51]} 2. Nf3 {[%emt 0:02:46]} Nf6 {[%emt 0:00:05]} 3. Nxe5 {[%emt 0:00:19]} d6 {[%emt 0:00:05]} 4. Nf3 {[%emt 0:00:02]} Nxe4 {[%emt 0:00:04]} 5. Qe2 {[%emt 0:00:06]} Qe7 {[%emt 0:00:08]} 6. d3 {[%emt 0:00:05]} Nf6 {[%emt 0:00:06]} 7. Bg5 {[%emt 0:00:04]} Qxe2+ {[%emt 0:01:50]} 8. Bxe2 {[%emt 0:00:06]} Be7 {[%emt 0:00:04]} 9. Nc3 {[%emt 0:00:05]} h6 {[%emt 0:00:27]} 10. Bd2 {[%emt 0:00:05]} Nc6 {[%emt 0:03:29]} 11. Nb5 {[%emt 0:01:52]} Bd8 {[%emt 0:13:30]} 12. c4 {[%emt 0:23:18]} O-O {[%emt 0:04:42]} 13. O-O-O {[%emt 0:01:13]} Re8 {[%emt 0:06:37]} 14. Rde1 {[%emt 0:00:50]} Bd7 {[%emt 0:03:06]} 15. Bd1 {[%emt 0:04:50]} a6 {[%emt 0:11:34]} 16. Rxe8+ {[%emt 0:01:04]} Bxe8 {[%emt 0:00:26]} 17. Nbd4 {[%emt 0:04:20]} Ne7 {[%emt 0:05:21]} 18. h3 {[%emt 0:02:08]} Bd7 {[%emt 0:00:51]} 19. Re1 {[%emt 0:02:26]} Rc8 {[%emt 0:02:58]} 20. Nb3 {[%emt 0:02:32]} Ng6 {[%emt 0:04:06]} 21. d4 {[%emt 0:04:28]} c5 {[%emt 0:05:21]} 22. dxc5 {[%emt 0:05:00]} dxc5 {[%emt 0:00:12]} 23. Ne5 {[%emt 0:00:14]} Nxe5 {[%emt 0:01:21]} 24. Rxe5 {[%emt 0:00:05]} b6 {[%emt 0:00:27]} 25. Bf3 {[%emt 0:00:44]} Bc7 {[%emt 0:05:03]} 26. Re1 {[%emt 0:01:06]} Be6 {[%emt 0:04:02]} 27. Bb7 {[%emt 0:00:14]} Rb8 {[%emt 0:00:29]} 28. Bxa6 {[%emt 0:00:04]} Ra8 {[%emt 0:00:04]} 29. Bb5 {[%emt 0:00:07]} Rxa2 {[%emt 0:00:09]} 30. g4 {[%emt 0:00:13]} h5 {[%emt 0:04:21]} 31. f3 {[%emt 0:00:58]} hxg4 {[%emt 0:06:00]} 32. hxg4 {[%emt 0:00:15]} Nh7 {[%emt 0:01:48]} 33. Kc2 {[%emt 0:02:49]} Nf8 {[%emt 0:00:56]} 34. Nc1 {[%emt 0:00:59]} 1/2-1/2

[Event "Josef Kupper Memorial 2019"]
[Site "Zurich"]
[Date "2019.08.18"]
[Round "7.5"]
[White "Chandra, Akshat"]
[Black "Iturrizaga Bonelli, Eduardo"]
[Result "1/2-1/2"]
[WhiteElo "2528"]
[BlackElo "2635"]
[Annotator "TA"]
[PlyCount "56"]
[EventDate "2019.08.14"]
[EventType "swiss"]
[EventCountry "SUI"]
[SourceTitle "playchess.com"]
[Source "ChessBase"]
[SourceQuality "1"]

{[%evp 9,56,76,76,75,64,48,33,28,22,33,32,21,21,25,37,29,42,62,57,25,30,20,29,25,64,53,76,52,56,-4,-8,-11,-8,-6,-11,-20,-15,-2,13,0,10,19,19,-85,-85,-150,-100,-112,-120]} 1. d4 Nf6 2. c4 b6 3. f3 c5 (3... Bb7 4. e4 e6 5. Nc3 d5 6. cxd5 exd5 7. e5 Nfd7 8. f4 c5 9. Nf3 Nc6 10. Be3 cxd4 11. Nxd4 Bc5 12. Bb5 Nxd4 13. Bxd4 {1-0 (33) Matlakov,M (2700)-Mamedyarov,S (2817) St Petersburg 2018}) 4. d5 g6 5. Nc3 Bg7 6. e4 {A50: Queen's Fianchetto Defence (1 d4 Nf6 2 c4 b6)} O-O 7. Be3 e6 $146 ({Predecessor:} 7... Kh8 8. Qd2 Ng8 9. O-O-O d6 10. g4 Na6 11. h4 {1-0 (25) Johnsson,M-Larsson Trokenheim,M Sweden 1988}) 8. Qd2 {White is slightly better.} exd5 9. cxd5 d6 10. Nge2 Ba6 11. a4 {[%cal Ba2a4,Ba4b5][%mdl 32]} Nbd7 12. Nb5 $1 Bxb5 13. axb5 Nh5 14. Nc3 f5 15. Be2 f4 16. Bf2 Be5 17. Ra6 Qf6 18. Ra4 Rf7 19. O-O (19. Kd1 $14) 19... Ng3 $11 20. Rc1 Nxe2+ 21. Qxe2 g5 22. Rca1 Bxc3 23. bxc3 Ne5 24. Ra6 Rb7 25. c4 Qg7 26. Qe1 (26. Be1 $11) 26... g4 $17 27. fxg4 ({White should play} 27. Kh1) 27... Nxg4 28. Kh1 Re8 {Accuracy: White = 28%, Black = 59%.} 1/2-1/2